LEADER 01075nam0 22002651i 450 001 UON00217333 005 20231205103359.654 010 $a06-7453-092-6 100 $a20030730d1982 |0itac50 ba 101 $aeng 102 $aGB 105 $a|||| ||||| 200 1 $a Life with two languages$ean introduction to bilingualism$fFrançois Grosjean. Cambridge (Mass.)$gLondon$eHarvard University Press, 1982. ix, 370 p. ; 24 cm. 606 $aBilinguismo$xStudi$3UONC050103$2FI 620 $aUS$dCambridge (Mass.)$3UONL000262 620 $aGB$dLondon$3UONL003044 676 $a404.2$cBilinguismo$v21 700 1$aGROSJEAN$bFrançois$3UONV131686$0684415 712 $aHarvard University Press$3UONV245793$4650 801 $aIT$bSOL$c20250620$gRICA 899 $aSIBA - SISTEMA BIBLIOTECARIO DI ATENEO$2UONSI 912 $aUON00217333 950 $aSIBA - SISTEMA BIBLIOTECARIO DI ATENEO$dSI Angl VIII 0179 $eSI LO 64885 5 0179 996 $aLife with two languages$91265596 997 $aUNIOR